<?xml version="1.0" encoding="UTF-8"?>
<record
    xmlns:xsi="http://www.w3.org/2001/XMLSchema-instance"
    xsi:schemaLocation="http://www.loc.gov/MARC21/slim http://www.loc.gov/standards/marcxml/schema/MARC21slim.xsd"
    xmlns="http://www.loc.gov/MARC21/slim">

  <leader>03089cam a2200229 i 4500</leader>
  <datafield tag="020" ind1=" " ind2=" ">
    <subfield code="a">9781625275097 (hardback)</subfield>
  </datafield>
  <datafield tag="040" ind1=" " ind2=" ">
    <subfield code="c">DLC</subfield>
  </datafield>
  <datafield tag="082" ind1="0" ind2="0">
    <subfield code="a">658 ROB 2015 A113 Or.</subfield>
  </datafield>
  <datafield tag="100" ind1="1" ind2=" ">
    <subfield code="a">Goffee, Robert.</subfield>
  </datafield>
  <datafield tag="245" ind1="1" ind2="0">
    <subfield code="a">Why should anyone work here? :</subfield>
    <subfield code="b">what it takes to create an authentic organization /</subfield>
  </datafield>
  <datafield tag="300" ind1=" " ind2=" ">
    <subfield code="a">x, 234 pages ;</subfield>
    <subfield code="c">25 cm</subfield>
  </datafield>
  <datafield tag="520" ind1=" " ind2=" ">
    <subfield code="a">"It used to be that businesses could ask individuals to conform to the organization's needs. But now leaders are charged with creating the best company on earth to work for: they must transform their organizations to attract the right people, keep them, and inspire them to do their best work.  In Why Should Anyone Work Here? Rob Goffee and Gareth Jones identify the six key organizational attributes to do just that. In separate chapters, they delve deeply into each one: 1.  Let people be themselves 2.  Practice radical honesty 3.  Magnify people's strengths 4.  Stand for authenticity (more than shareholder value) 5.  Make work meaningful 6.  Make simple rules  With vivid stories and examples, the authors illustrate the kind of strong, attractive workplace culture that leads to sustained high performance. They also provide ways of assessing how your company is doing, and describe the tensions and trade-offs that leaders must manage as they transform their organizations.  Why Should Anyone Work Here? is the question all contemporary organizational leaders must constantly ask themselves if they want to survive and thrive in the new world. This is the book that will help them answer that question"--</subfield>
  </datafield>
  <datafield tag="520" ind1=" " ind2=" ">
    <subfield code="a">"It used to be that businesses could ask individuals to conform to the organization's needs. But now leaders are charged with creating the best company on earth to work for: they must transform their organizations to attract the right people, keep them, and inspire them to do their best work. In Why Should Anyone Work Here? Rob Goffee and Gareth Jones identify the six key organizational attributes to do just that. In separate chapters, they delve deeply into each one: 1. Let people be themselves 2. Practice radical honesty 3. Magnify people's strengths 4. Stand for authenticity (more than shareholder value) 5. Make work meaningful 6. Make simple rules With vivid stories and examples, the authors illustrate the kind of strong, attractive workplace culture that leads to sustained high performance. They also provide ways of assessing how your company is doing, and describe the tensions and trade-offs that leaders must manage as they transform their organizations. Why Should Anyone Work Here? is the question all contemporary organizational leaders must constantly ask themselves if they want to survive and thrive in the new world. This is the book that will help them answer that question"--</subfield>
  </datafield>
  <datafield tag="650" ind1=" " ind2="0">
    <subfield code="a">Corporate culture.</subfield>
  </datafield>
  <datafield tag="650" ind1=" " ind2="0">
    <subfield code="a">Organizational behavior.</subfield>
  </datafield>
  <datafield tag="650" ind1=" " ind2="0">
    <subfield code="a">Leadership.</subfield>
  </datafield>
  <datafield tag="650" ind1=" " ind2="7">
    <subfield code="a">BUSINESS &amp; ECONOMICS / Workplace Culture.</subfield>
  </datafield>
  <datafield tag="650" ind1=" " ind2="7">
    <subfield code="a">BUSINESS &amp; ECONOMICS / Leadership.</subfield>
  </datafield>
  <datafield tag="650" ind1=" " ind2="7">
    <subfield code="a">BUSINESS &amp; ECONOMICS / Management.</subfield>
  </datafield>
  <datafield tag="700" ind1="1" ind2=" ">
    <subfield code="a">Jones, Gareth,</subfield>
  </datafield>
  <datafield tag="942" ind1=" " ind2=" ">
    <subfield code="c">EK</subfield>
  </datafield>
  <datafield tag="999" ind1=" " ind2=" ">
    <subfield code="c">17393</subfield>
    <subfield code="d">17393</subfield>
  </datafield>
  <datafield tag="952" ind1=" " ind2=" ">
    <subfield code="0">0</subfield>
    <subfield code="1">0</subfield>
    <subfield code="4">0</subfield>
    <subfield code="6">658_000000000000000_ROB_2015_A113_OR</subfield>
    <subfield code="7">0</subfield>
    <subfield code="9">75519</subfield>
    <subfield code="a">LBA</subfield>
    <subfield code="b">LBA</subfield>
    <subfield code="c">A113</subfield>
    <subfield code="d">2018-11-19</subfield>
    <subfield code="o">658 ROB 2015 A113 Or.</subfield>
    <subfield code="p">A36547</subfield>
    <subfield code="r">2018-11-19</subfield>
    <subfield code="w">2018-11-19</subfield>
    <subfield code="y">EK</subfield>
  </datafield>
  <datafield tag="952" ind1=" " ind2=" ">
    <subfield code="0">0</subfield>
    <subfield code="1">0</subfield>
    <subfield code="4">0</subfield>
    <subfield code="6">658_000000000000000_ROB_2015_A114_OR</subfield>
    <subfield code="7">0</subfield>
    <subfield code="9">75712</subfield>
    <subfield code="a">LBA</subfield>
    <subfield code="b">LBA</subfield>
    <subfield code="c">A114</subfield>
    <subfield code="d">2018-11-27</subfield>
    <subfield code="o">658 ROB 2015 A114 Or.</subfield>
    <subfield code="p">A36940</subfield>
    <subfield code="r">2018-11-27</subfield>
    <subfield code="y">EK</subfield>
  </datafield>
</record>
